000 00524pab a2200133 454500
008 180718b1990 xxu||||| |||| 00| 0 eng d
245 _aEconomic growth - industry restructuring - national devvelopment
_bThe role of government : Proceedings of the national conference of the Royal Australian Institute of Public Administration, Canberra, November, 1989
260 _c1990
300 _a205-386
362 _aSept.
650 _aGovernment and Business
773 _aAustralian Journal of Public Administration
909 _a9488
999 _c9488
_d9488